| 000 | 00471nam a2200205Ia 4500 | ||
|---|---|---|---|
| 003 | OSt | ||
| 005 | 20250711111318.0 | ||
| 008 | 210210b1995 xxu||||| |||| 00| 0 eng d | ||
| 020 | _a0074621629 | ||
| 040 | _cAL | ||
| 041 | _aeng | ||
| 082 | _a620.8 IGNB | ||
| 100 |
_aIgnasimuthu S _9218214 |
||
| 245 | _aBasic biotechnology | ||
| 260 |
_aNew Delhi. _bT M H _c1995 |
||
| 300 | _axv,317p | ||
| 690 |
_aBiotechnology _9218215 |
||
| 906 | _aSG03802 | ||
| 942 |
_2ddc _cSG |
||
| 999 |
_c114721 _d114721 |
||